Los hermanos Madero / (Record no. 182007)

MARC details
000 -CABECERA
campo de control de longitud fija 00611nam a2200217 u 4500
005 - FECHA Y HORA DE LA ÚLTIMA TRANSACCIÓN
campo de control 20221129063646.0
008 - ELEMENTOS DE LONGITUD FIJA--INFORMACIÓN GENERAL
campo de control de longitud fija 160428s2015 mx r 000 0 spa d
020 ## - NÚMERO INTERNACIONAL NORMALIZADO PARA LIBROS
Número Internacional Estándar del Libro 9786079419493
035 ## - NÚMERO DE CONTROL DEL SISTEMA
Número de control de sistema UPN01000209906
049 ## - COLECCIÓN
Colección I
050 #4 - SIGNATURA TOPOGRÁFICA DE LA BIBLIOTECA DEL CONGRESO
Número de clasificación F1234.5 M3
Número de documento/Ítem M6.4
100 1# - ASIENTO PRINCIPAL--NOMBRE PERSONAL
Nombre de persona Molina, Silvia,
Fechas asociadas al nombre 1946-
9 (RLIN) 29354
245 14 - MENCIÓN DE TÍTULO
Título Los hermanos Madero /
Mención de responsabilidad, etc. Silvia Molina.
260 ## - PUBLICACIÓN, DISTRIBUCIÓN, ETC.
Lugar de publicación, distribución, etc. México :
Nombre del editor, distribuidor, etc. INEHRM,
Fecha de publicación, distribución, etc. 2015.
300 ## - DESCRIPCIÓN FÍSICA
Extensión 31 p. :
Otras características físicas il. col.
440 #0 - MENCIÓN DE SERIE/ASIENTO SECUNDARIO--TÍTULO
Título Biografías para niños
600 14 - ASIENTO SECUNDARIO DE MATERIA - NOMBRE PERSONAL
Nombre de persona MADERO, FRANCISCO IGNACIO,
Fechas asociadas al nombre 1873-1913
600 34 - ASIENTO SECUNDARIO DE MATERIA - NOMBRE PERSONAL
Nombre de persona MADERO, FAMILIA
9 (RLIN) 24837
905 ## - TIPO DE MATERIAL
Tipo de material Infantil
Holdings
Estado de retiro Estado de pérdida Fuente del sistema de clasificación o colocación Estado dañado No para préstamo Código de colección Localización permanente Ubicación/localización actual Ubicación en estantería Fecha de adquisición Clasificación Código de barras Fecha visto por última vez Número de copia Tipo de ítem Koha
    Library of Congress Classification     Infantil Bib. Gregorio Torres Quintero Bib. Gregorio Torres Quintero Sala infantil Planta baja 10/05/2023 F1234.5 M3 M6.4 310162 31/12/2020 1 Libro